Politics and Policies : (Record no. 181018)
[ view plain ]
| 000 -LEADER | |
|---|---|
| fixed length control field | 01365 a2200181 4500 |
| 003 - CONTROL NUMBER IDENTIFIER | |
| control field | Nust |
| 005 - DATE AND TIME OF LATEST TRANSACTION | |
| control field | 20230206114507.0 |
| 020 ## - INTERNATIONAL STANDARD BOOK NUMBER | |
| International Standard Book Number | 969415037x |
| 040 ## - CATALOGING SOURCE | |
| Transcribing agency | Nust |
| 082 ## - DEWEY DECIMAL CLASSIFICATION NUMBER | |
| Classification number | 954.9042,POL |
| 100 ## - MAIN ENTRY--PERSONAL NAME | |
| Personal name | Yusuf,K.F |
| 9 (RLIN) | 108647 |
| 245 ## - TITLE STATEMENT | |
| Title | Politics and Policies : |
| Remainder of title | Quaid-i-Azam / |
| Statement of responsibility, etc. | Dr K.F. Yusuf |
| 260 ## - PUBLICATION, DISTRIBUTION, ETC. | |
| Place of publication, distribution, etc. | Islamabad |
| Name of publisher, distributor, etc. | National Institute |
| Date of publication, distribution, etc. | 1994 |
| 300 ## - PHYSICAL DESCRIPTION | |
| Extent | 376:p |
| 505 ## - FORMATTED CONTENTS NOTE | |
| Formatted contents note | Inaugural Address (Page-1) Keynote Address (Page-10) Quaid-i-Azam as the Founder of the State (Page-38) Quaid –i- Azam and Decision Making (Page-52) Establishment of a Military College in India (Page-71) Mohammad Ali Jinnah The Founder of Pakistan (Page-77) M.A. Jinnah as the Ambassador of Hindu-Muslim Unity (Page-83) Quaid-i-Azam Founder of the State (Page-113) Quaid-i-Azam : A Soviet Perspective (Page-144) Quaid-i-Azam and Muslim Students Activism (Page-188) Mr. Jinnah (Page-206) Preliminary Notes on Jinnah Health and Politics (Page-225) Quaid-i-Azam and the Demand for Partition (Page-231) Quaid-i-Azam as a Visionary Futurist (Page-260) Jinnah Commitment to Civil Liberties (Page-294) Quaid-i-Azam and Democracy (Page-312) Quaid-i-Azam and State Building in Pakistan (Page-331) Quaid-i-Azam and Armed Forces (Page-341) Random Thoughts on Quaid-i-Azam (Page-362) Quaid-i-Azam and Muslim Freedom Movements (Page-375) |
| 650 ## - SUBJECT ADDED ENTRY--TOPICAL TERM | |
| Topical term or geographic name entry element | Pakistan History |
| 9 (RLIN) | 7198 |
| 942 ## - ADDED ENTRY ELEMENTS (KOHA) | |
| Source of classification or shelving scheme | |
| Koha item type | Book |
| Withdrawn status | Lost status | Source of classification or shelving scheme | Damaged status | Not for loan | Permanent Location | Current Location | Shelving location | Date acquired | Total Checkouts | Full call number | Barcode | Date last seen | Date last checked out | Price effective from | Koha item type | Public note |
|---|---|---|---|---|---|---|---|---|---|---|---|---|---|---|---|---|
| Military College of Signals (MCS) | Military College of Signals (MCS) | General Stacks | 12/12/2016 | 1 | 954.9042,POL | MCS1969 | 11/08/2024 | 10/28/2024 | 12/12/2016 | Book | Almirah No.62, Shelf No.1 |
